[Event "POL-ch Amateurs"]
[Site "Wroclaw"]
[Date "2011.07.03"]
[Round "7"]
[White "Konieczynski, Piotr"]
[Black "Daleczko, Zbigniew"]
[Result "1-0"]
[WhiteElo "1916"]
[BlackElo "1822"]
[PlyCount "157"]
[EventDate "2011.07.01"]
[EventType "swiss"]
[EventRounds "7"]
[EventCountry "POL"]
[SourceTitle "EXT 2023"]
[Source "ChessBase"]
[SourceDate "2022.10.05"]
[SourceVersion "1"]
[SourceVersionDate "2022.10.05"]
[SourceQuality "1"]

1. d4 Nf6 2. Nf3 c5 3. d5 e6 4. Nc3 exd5 5. Nxd5 Be7 6. Bf4 Nxd5 7. Qxd5 0-0 8. e4 Qa5+ 9. c3 Qb6 10. 0-0-0 Qc6 11. Bc4 Qxd5 12. Bxd5 Nc6 13. Rd2 Kh8 14. Rhd1 a5 15. a4 h6 16. Kc2 f6 17. Nh4 Kh7 18. Nf5 g6 19. Nxe7 Nxe7 20. Bd6 Nxd5 21. Bxf8 Nb6 22. Bxc5 Nxa4 23. Bd4 Ra6 24. b3 Nb6 25. Bxf6 a4 26. bxa4 Nc4 27. Rxd7+ Bxd7 28. Rxd7+ Kg8 29. Bd4 b5 30. axb5 Na3+ 31. Kb3 Nxb5 32. Rg7+ Kf8 33. Rb7 Nxd4+ 34. cxd4 Ra1 35. Kc3 Rg1 36. Rb2 Rxg2 37. f4 Rg4 38. Rf2 Ke7 39. Kc4 g5 40. fxg5 Rxe4 41. Rf5 Rg4 42. gxh6 Rh4 43. Ra5 Rxh6 44. Ra7+ Kd8 45. Ra2 Kd7 46. d5 Rh4+ 47. Kc5 Rh3 48. Ra7+ Kc8 49. Kc6 Rc3+ 50. Kd6 Rh3 51. Rc7+ Kd8 52. Rc2 Rh6+ 53. Kc5 Kd7 54. Ra2 Rh3 55. Ra7+ Kc8 56. Kc6 Rc3+ 57. Kd6 Rh3 58. Ra8+ Kb7 59. Re8 Rxh2 60. Kd7 Rd2 61. d6 Rd1 62. Re3 Kb6 63. Ke7 Kc6 64. Rc3+ Kb6 65. d7 Re1+ 66. Kd6 Rd1+ 67. Ke6 Re1+ 68. Kf7 Rd1 69. Ke7 Re1+ 70. Kd8 Ra1 71. Re3 Rh1 72. Rb3+ Ka7 73. Rb4 Ka8 74. Kc7 Rc1+ 75. Kd6 Rd1+ 76. Ke6 Re1+ 77. Kd5 Rd1+ 78. Rd4 Rxd4+ 79. Kxd4 1-0

[Event "Lasker Memorial op-A 15th"]
[Site "Barlinek"]
[Date "2007.06.10"]
[Round "10"]
[White "Daleczko, Zbigniew"]
[Black "Przezdziecka, Ewa"]
[Result "0-1"]
[WhiteElo "1886"]
[BlackElo "2133"]
[PlyCount "80"]
[EventDate "2007.06.02"]
[EventType "swiss"]
[EventRounds "10"]
[EventCountry "POL"]
[SourceTitle "CBM 118 Extra"]
[Source "ChessBase"]
[SourceDate "2007.07.04"]
[SourceVersion "1"]
[SourceVersionDate "2007.07.04"]
[SourceQuality "1"]

1. e4 c5 2. Nf3 Nc6 3. d4 cxd4 4. Nxd4 Nf6 5. Nc3 d6 6. Be2 e5 7. Nb3 Be7 8. Be3 0-0 9. 0-0 a5 10. a4 Nb4 11. f4 Be6 12. f5 Bd7 13. g4 h6 14. h4 Ne8 15. h5 Bg5 16. Bf2 Bc6 17. Nd5 Bxd5 18. exd5 Nf6 19. c4 Ne4 20. Kg2 g6 21. Bg1 Bf4 22. Bd3 gxf5 23. Bxe4 fxe4 24. Nd2 f5 25. Bh2 Bxh2 26. Kxh2 Qh4+ 27. Kg2 e3 28. Nf3 Qxg4+ 29. Kh1 Qxh5+ 30. Nh2 Qxd1 31. Rfxd1 Kh7 32. Ra3 e2 33. Rc1 e1Q+ 34. Rxe1 Nc2 35. Ree3 Nxe3 36. Rxe3 e4 37. Rb3 Rf7 38. Kg2 Rc8 39. Rb6 Rxc4 40. Rxd6 Rc2+ 0-1